[Event "Talent CUP 2019 - A"]
[Site "?"]
[Date "2019.12.13"]
[Round "1.1"]
[White "Bohacek, Jan Andrej"]
[Black "Elias, David"]
[Result "1/2-1/2"]
[WhiteElo "1432"]
[BlackElo "1912"]
[PlyCount "111"]
[EventDate "2019.??.??"]

1. d4 Nf6 2. Nf3 e6 3. e3 b6 4. Bd3 Bb7 5. Nbd2 d5 6. c3 Nbd7 7. Qe2 Ne4 8. Ne5
Bd6 9. Bxe4 dxe4 10. Nxd7 Qxd7 11. Nc4 a5 12. Nxd6+ cxd6 13. Qc2 O-O 14. a4 d5
15. Qb3 Qc7 16. f3 f5 17. f4 Ba6 18. Qd1 Rf6 19. h3 g5 20. g3 Rg6 21. Kf2 Qg7
22. Rg1 Kh8 23. b3 Rg8 24. Ba3 gxf4 25. gxf4 Rxg1 26. Qxg1 Qh6 27. Be7 Rxg1 28.
Rxg1 Bd3 29. Rg3 Bc2 30. Bd6 Qg6 31. Rxg6 hxg6 32. Bc7 Bxb3 33. Bxb6 Bxa4 34.
Bxa5 Kg7 35. Bb4 Kf6 36. h4 Kf7 37. Ke1 Ke8 38. Kd2 Kd7 39. Bc5 Kc6 40. Bb4 Kb5
41. Bc5 Kc4 42. Be7 Be8 43. Bb4 Kb5 44. Bc5 Kc6 45. Ke1 Kc7 46. Bb4 Bb5 47. Bc5
Kd7 48. Kf2 Ke8 49. Bd6 Kf7 50. Kg3 Kg7 51. Be7 Kh6 52. Bf6 Kh7 53. Be5 Kg8 54.
Kf2 Bd3 55. Bd6 Kh7 56. Be5 1/2-1/2

[Event "Talent CUP 2019 - A"]
[Site "?"]
[Date "2019.12.13"]
[Round "1.2"]
[White "Paseka, Matyas"]
[Black "Kucera, David"]
[Result "1-0"]
[WhiteElo "1840"]
[BlackElo "1431"]
[PlyCount "67"]
[EventDate "2019.??.??"]

1. e4 e6 2. d4 d5 3. Nd2 Nc6 4. Ngf3 Nf6 5. e5 Nd7 6. Be2 f6 7. exf6 Qxf6 8.
Nf1 Bd6 9. Ne3 h6 10. O-O O-O 11. c4 dxc4 12. Bxc4 Nb6 13. Bb3 Kh8 14. Ng4 Qf5
15. Nh4 Qh5 16. g3 g5 17. Ne5 Qxd1 18. Nhg6+ Kg7 19. Rxd1 Rf6 20. Nxc6 Kxg6 21.
Ne5+ Kg7 22. f4 gxf4 23. Bxf4 Nd5 24. Rf1 b6 25. Bd2 c5 26. Ng4 Rxf1+ 27. Rxf1
cxd4 28. Bxh6+ Kh8 29. Rf7 Kg8 30. Rg7+ Kh8 31. Bxd5 exd5 32. Nf6 Bf5 33. Rg5
Be4 34. Bg7# 1-0

[Event "Talent CUP 2019 - A"]
[Site "?"]
[Date "2019.12.13"]
[Round "1.3"]
[White "Strapec, Lukas"]
[Black "Obrochta, Lena"]
[Result "0-1"]
[WhiteElo "1431"]
[BlackElo "1786"]
[PlyCount "90"]
[EventDate "2019.??.??"]

1. d4 d5 2. Nf3 Nf6 3. e3 e6 4. Bd3 c5 5. c3 Be7 6. Nbd2 O-O 7. O-O Nc6 8. dxc5
Bxc5 9. e4 Qc7 10. Qe2 Bd6 11. Re1 Be7 12. e5 Nd7 13. Nb3 f6 14. Bf4 fxe5 15.
Bxe5 Ndxe5 16. Nxe5 Nxe5 17. Qxe5 Bd6 18. Qh5 g6 19. Qh4 Rf4 20. Qg5 Qf7 21.
Qd8+ Bf8 22. f3 Kg7 23. Nd4 Bc5 24. Rad1 e5 25. g3 Rxd4 26. cxd4 Bxd4+ 27. Kg2
Bh3+ 28. Kxh3 Rxd8 29. Rf1 Qe6+ 30. Kg2 e4 31. fxe4 dxe4 32. Rde1 e3 33. b3
Qd5+ 34. Kh3 Re8 35. Bc4 Qh5+ 36. Kg2 Re7 37. Rf3 b5 38. Be2 Qe5 39. Ref1 Qc5
40. Re1 Qc2 41. Kf1 Bc3 42. Rd1 Bd2 43. h3 Qxa2 44. Bd3 Qxb3 45. Be2 a5 0-1

[Event "Talent CUP 2019 - A"]
[Site "?"]
[Date "2019.12.13"]
[Round "1.4"]
[White "Wasik, Mateusz"]
[Black "Vrzal, Filip"]
[Result "1-0"]
[WhiteElo "1779"]
[BlackElo "1415"]
[PlyCount "73"]
[EventDate "2019.??.??"]

1. e4 c5 2. Nf3 g6 3. d4 cxd4 4. Nxd4 Nc6 5. Nc3 Bg7 6. Be3 Nf6 7. Bc4 Qa5 8.
O-O O-O 9. Bb3 d6 10. h3 Bd7 11. Nf3 a6 12. Re1 b5 13. Bg5 h6 14. Be3 Rfd8 15.
Nd5 Nxd5 16. exd5 Ne5 17. Nxe5 Bxe5 18. Bd4 Bxd4 19. Qxd4 Re8 20. Qh4 Kg7 21.
Rxe7 Rxe7 22. Qxe7 Qc7 23. Qe3 Re8 24. Qd2 Bf5 25. c3 Qc5 26. g4 Bd7 27. Re1
Rxe1+ 28. Qxe1 a5 29. a3 a4 30. Ba2 Qc8 31. f3 Qd8 32. Qe3 Qh4 33. Kg2 h5 34.
Bb1 hxg4 35. hxg4 Bxg4 36. Qd4+ f6 37. Qxg4 1-0

[Event "Talent CUP 2019 - A"]
[Site "?"]
[Date "2019.12.13"]
[Round "1.5"]
[White "Zrubek, Adam"]
[Black "Lovcican, Tomas"]
[Result "0-1"]
[WhiteElo "1409"]
[BlackElo "1755"]
[PlyCount "112"]
[EventDate "2019.??.??"]

1. e4 c5 2. Nf3 Nc6 3. d4 cxd4 4. Nxd4 Nf6 5. Nc3 g6 6. Be3 d6 7. Be2 Bg7 8.
O-O Bd7 9. f4 a6 10. Qd2 Bg4 11. Bc4 Rc8 12. Bb3 Bd7 13. h3 Na5 14. f5 Nxb3 15.
Nxb3 Bc6 16. Qd3 b5 17. Nd5 Nd7 18. c3 Ne5 19. Qe2 Nc4 20. Bd4 Bxd4+ 21. Nxd4
Bb7 22. Qf2 O-O 23. Qh4 Bxd5 24. exd5 Ne3 25. Nc6 Nxf5 26. Rxf5 Rxc6 27. dxc6
gxf5 28. Rf1 f6 29. Qh6 Qb6+ 30. Kh1 Qxc6 31. Rf3 Rf7 32. Rg3+ Kh8 33. Qh5 Qd5
34. Rd3 Qxa2 35. Qxf5 Rg7 36. Rd2 Qa1+ 37. Kh2 Qe1 38. Rf2 Rg5 39. Qf3 Qe5+ 40.
Kh1 Qg3 41. Qe2 Re5 42. Qd2 Qe3 43. Qc2 Qe4 44. Qd2 Qe1+ 45. Kh2 Qxd2 46. Rxd2
Kg7 47. g4 Kg6 48. b3 Re3 49. Rc2 Kg5 50. b4 Kh4 51. c4 bxc4 52. Rxc4 Rxh3+ 53.
Kg2 Rg3+ 54. Kf2 Rxg4 55. b5 Rxc4 56. bxa6 Ra4 0-1

[Event "Talent CUP 2019 - A"]
[Site "?"]
[Date "2019.12.13"]
[Round "2.1"]
[White "Matusik, Ondrej"]
[Black "Paseka, Matyas"]
[Result "0-1"]
[WhiteElo "1529"]
[BlackElo "1840"]
[PlyCount "74"]
[EventDate "2019.??.??"]

1. e4 c5 2. Nf3 d6 3. d4 cxd4 4. Nxd4 Nf6 5. Nc3 a6 6. a4 e5 7. Nb3 Be6 8. Be2
d5 9. exd5 Nxd5 10. Nxd5 Bxd5 11. O-O Nc6 12. Qd3 Be6 13. Qg3 Qc7 14. Be3 f5
15. Bc5 Bxb3 16. Bxf8 Nd4 17. Bh5+ g6 18. cxb3 Kxf8 19. Bf3 Kg7 20. Rac1 Qe7
21. Rfe1 Rhe8 22. Bd5 Rad8 23. Bc4 b5 24. Bf1 Rd7 25. Qc3 Qg5 26. Qh3 Rde7 27.
axb5 axb5 28. Qc3 b4 29. Qd3 Rd8 30. Kh1 e4 31. Qc4 Qd2 32. Red1 Qxf2 33. Qxb4
Red7 34. Rd2 Qe3 35. Qc3 Qf4 36. Rcd1 Qe5 37. Bb5 Qxb5 0-1

[Event "Talent CUP 2019 - A"]
[Site "?"]
[Date "2019.12.13"]
[Round "2.2"]
[White "Obrochta, Lena"]
[Black "Hradek, Matyas"]
[Result "1-0"]
[WhiteElo "1786"]
[BlackElo "1499"]
[PlyCount "44"]
[EventDate "2019.??.??"]

1. e4 e5 2. Nf3 Nc6 3. Bc4 Bc5 4. d3 Nf6 5. c3 O-O 6. Nbd2 d6 7. Bb3 h6 8. Nf1
Ng4 9. d4 exd4 10. cxd4 Bb4+ 11. Bd2 Re8 12. Ng3 Bxd2+ 13. Qxd2 Nf6 14. Bc2 Bg4
15. O-O Bxf3 16. gxf3 Qd7 17. Kh1 Qh3 18. Rg1 h5 19. Rg2 h4 20. Nf5 Qxf3 21.
Qg5 Nh5 22. Bd1 Nb8 1-0

[Event "Talent CUP 2019 - A"]
[Site "?"]
[Date "2019.12.13"]
[Round "2.3"]
[White "Bjolek, Jan"]
[Black "Wasik, Mateusz"]
[Result "0-1"]
[WhiteElo "1510"]
[BlackElo "1779"]
[PlyCount "72"]
[EventDate "2019.??.??"]

1. d4 d5 2. Bf4 Nf6 3. e3 e6 4. Bd3 Be7 5. Nd2 O-O 6. h3 Bd6 7. Be5 c5 8. c3
Nc6 9. Ngf3 Bxe5 10. Nxe5 Nxe5 11. dxe5 Nd7 12. Nf3 h6 13. Bb5 Qb6 14. Bxd7
Bxd7 15. Qc2 Bb5 16. g4 f6 17. O-O-O a5 18. h4 Qc7 19. g5 fxg5 20. hxg5 Rxf3
21. gxh6 g5 22. Qg6+ Kh8 23. Rdg1 Rg8 24. Qxe6 Qh7 25. Rh2 Ba4 26. b3 Bc6 27.
Rhg2 Qf5 28. Qe7 Rxf2 29. Rxf2 Qxf2 30. Rh1 Qxe3+ 31. Kb2 Qf4 32. Qxc5 Qxe5 33.
h7 Re8 34. Qg1 d4 35. Rh3 dxc3+ 36. Rxc3 Rf8 0-1

[Event "Talent CUP 2019 - A"]
[Site "?"]
[Date "2019.12.13"]
[Round "2.4"]
[White "Lovcican, Tomas"]
[Black "Zaza, Martin"]
[Result "1-0"]
[WhiteElo "1755"]
[BlackElo "1468"]
[PlyCount "97"]
[EventDate "2019.??.??"]

1. d4 Nf6 2. Nf3 d5 3. c4 c6 4. Nc3 dxc4 5. a4 Bf5 6. Bg5 e6 7. e4 Bg4 8. h3
Bxf3 9. Qxf3 Qxd4 10. Rd1 Qe5 11. Bf4 Qa5 12. Bxc4 Bb4 13. O-O O-O 14. g4 Bxc3
15. bxc3 h6 16. Bxh6 gxh6 17. Qxf6 Qxa4 18. Bd3 Qa5 19. Qxh6 Qe5 20. Rb1 b5 21.
Rfd1 a5 22. g5 Na6 23. Kh1 Nc5 24. g6 fxg6 25. Qxg6+ Qg7 26. Qh5 Nxd3 27. Rxd3
Rxf2 28. Rg1 Ra7 29. Rd8+ Rf8 30. Rxg7+ Rxg7 31. Rxf8+ Kxf8 32. Qc5+ Re7 33.
Qxc6 b4 34. Qa8+ Kf7 35. Qxa5 b3 36. Qb4 b2 37. Qxb2 Kg6 38. Kg2 Kf6 39. c4+ e5
40. Qb6+ Re6 41. c5 Kf7 42. c6 Rg6+ 43. Kh2 Kg7 44. Qb7+ Kh6 45. c7 Kh5 46.
c8=Q Kh6 47. Qe7 Rg7 48. Qh8+ Rh7 49. Qhxh7# 1-0

[Event "Talent CUP 2019 - A"]
[Site "?"]
[Date "2019.12.13"]
[Round "2.5"]
[White "Wilk, Igor"]
[Black "Trojan, Matyas"]
[Result "1-0"]
[WhiteElo "1717"]
[BlackElo "1436"]
[PlyCount "129"]
[EventDate "2019.??.??"]

1. e4 e5 2. Nf3 Nc6 3. Bc4 Bc5 4. c3 Nf6 5. d3 h6 6. O-O d6 7. Nbd2 O-O 8. Re1
Be6 9. Bb3 Qd7 10. Nf1 Rfe8 11. Ng3 d5 12. Ba4 Bd6 13. d4 Bg4 14. exd5 Nxd5 15.
c4 Nb6 16. Bxc6 Qxc6 17. c5 exd4 18. Rxe8+ Rxe8 19. cxd6 Bxf3 20. gxf3 Qxd6 21.
b3 c5 22. Ba3 Qd5 23. Rc1 Nd7 24. Bb2 b6 25. Kg2 Ne5 26. Qe2 Re6 27. Qe4 Qxe4
28. fxe4 Nd3 29. Rb1 Rf6 30. f3 Nf4+ 31. Kf1 Nd3 32. Ke2 Ne5 33. Rf1 g6 34. h3
Rd6 35. f4 Nd7 36. e5 Re6 37. Kd2 Kf8 38. Ne4 f6 39. Nxf6 Nxf6 40. exf6 Rxf6
41. b4 Ke7 42. bxc5 bxc5 43. Kd3 Kd6 44. Kc4 Kc6 45. Bc1 Rd6 46. Ba3 Rd5 47.
Rg1 g5 48. fxg5 hxg5 49. Rf1 Kd6 50. Rf6+ Ke5 51. Rg6 Rd7 52. Rxg5+ Ke4 53.
Bxc5 d3 54. Rg1 Kf3 55. Bb4 Ke2 56. h4 Kf2 57. Rd1 Ke2 58. Rh1 Rh7 59. h5 Kf3
60. Kxd3 Rd7+ 61. Kc2 Rc7+ 62. Kb3 Rh7 63. h6 Ke4 64. Bc3 Kf5 65. Bg7 1-0

[Event "Talent CUP 2019 - A"]
[Site "?"]
[Date "2019.12.13"]
[Round "3.1"]
[White "Paseka, Matyas"]
[Black "Pawlak, Emilia"]
[Result "1-0"]
[WhiteElo "1840"]
[BlackElo "1570"]
[PlyCount "105"]
[EventDate "2019.??.??"]

1. e4 c5 2. Nf3 d6 3. d4 cxd4 4. Nxd4 Nf6 5. Nc3 a6 6. f3 e5 7. Nb3 Be7 8. Be3
Be6 9. Qd2 O-O 10. O-O-O a5 11. Kb1 a4 12. Nc1 a3 13. b3 Ra5 14. g4 d5 15. g5
Nxe4 16. Nxe4 dxe4 17. Qxd8 Rxd8 18. Rxd8+ Bxd8 19. fxe4 Nc6 20. h4 Be7 21. Nd3
Bg4 22. Nf2 Be6 23. Bb6 Ra8 24. Bh3 Bxh3 25. Rxh3 Bd8 26. Bc5 Be7 27. Bxe7 Nxe7
28. Rd3 Nc6 29. Rd7 b5 30. Nd3 Re8 31. Rd5 b4 32. Rc5 Nd4 33. Nxb4 Nf3 34. Nd3
f6 35. gxf6 gxf6 36. c4 Nd2+ 37. Kc2 Nxe4 38. Ra5 Ng3 39. c5 Rc8 40. b4 e4 41.
Nf4 e3 42. Rxa3 Re8 43. Ng2 Nf1 44. c6 e2 45. Ne1 Ne3+ 46. Rxe3 Rxe3 47. c7 Re8
48. b5 Kf7 49. b6 Rc8 50. Kb2 Ke7 51. b7 Rxc7 52. b8=Q Rc4 53. Qb7+ 1-0

[Event "Talent CUP 2019 - A"]
[Site "?"]
[Date "2019.12.13"]
[Round "3.2"]
[White "Krupinski, Mikolaj"]
[Black "Obrochta, Lena"]
[Result "1-0"]
[WhiteElo "1569"]
[BlackElo "1786"]
[PlyCount "65"]
[EventDate "2019.??.??"]

1. e4 c5 2. Nc3 e6 3. g3 a6 4. Bg2 Nc6 5. d3 Be7 6. Be3 d6 7. f4 Nf6 8. h3 d5
9. Bf2 Rb8 10. Nf3 Qc7 11. O-O b5 12. Qd2 O-O 13. e5 Ne8 14. b3 Bd7 15. g4 Qa5
16. Be1 f6 17. Nxd5 exd5 18. Qxa5 Nxa5 19. Bxa5 b4 20. c4 d4 21. Nd2 fxe5 22.
Bd5+ Kh8 23. fxe5 g6 24. Rxf8+ Bxf8 25. Rf1 Ng7 26. Ne4 h6 27. Rf7 Be6 28. Bxe6
Nxe6 29. Rf6 Re8 30. Nd6 Bxd6 31. exd6 Nf8 32. Rxf8+ Rxf8 33. d7 1-0

[Event "Talent CUP 2019 - A"]
[Site "?"]
[Date "2019.12.13"]
[Round "3.3"]
[White "Wasik, Mateusz"]
[Black "Juhanak, Daniel"]
[Result "0-1"]
[WhiteElo "1779"]
[BlackElo "1561"]
[PlyCount "74"]
[EventDate "2019.??.??"]

1. e4 e6 2. d4 d5 3. e5 c5 4. c3 Nc6 5. Nf3 Qb6 6. Be2 cxd4 7. cxd4 Nh6 8. Na3
Bxa3 9. bxa3 Nf5 10. Be3 Qa5+ 11. Qd2 Qxa3 12. O-O O-O 13. Bd3 Nxe3 14. fxe3
Nb4 15. Bb1 a5 16. Ng5 h6 17. Nh7 Rd8 18. Qf2 Kh8 19. Qxf7 Qxe3+ 20. Kh1 Bd7
21. Nf6 Bb5 22. Qg6 Bd3 23. Bxd3 Qxd3 24. Qxd3 Nxd3 25. Nh5 Rf8 26. Kg1 Kg8 27.
Rab1 Rab8 28. Rxf8+ Kxf8 29. a3 Rc8 30. Kf1 Rc1+ 31. Rxc1 Nxc1 32. Nf4 Kf7 33.
Kf2 g5 34. Nh5 Nd3+ 35. Ke2 Nb2 36. h4 b5 37. hxg5 hxg5 0-1

[Event "Talent CUP 2019 - A"]
[Site "?"]
[Date "2019.12.13"]
[Round "3.4"]
[White "Durovka, Marek"]
[Black "Lovcican, Tomas"]
[Result "0-1"]
[WhiteElo "1536"]
[BlackElo "1755"]
[PlyCount "52"]
[EventDate "2019.??.??"]

1. e4 d6 2. Nc3 Nf6 3. f4 c5 4. Nf3 Nc6 5. Bc4 e6 6. O-O Be7 7. d3 a6 8. a4 O-O
9. e5 dxe5 10. Nxe5 Nxe5 11. fxe5 Qd4+ 12. Kh1 Ng4 13. Ne4 Nxe5 14. Rf4 Qd8 15.
Bb3 c4 16. Ba2 cxd3 17. c3 b6 18. Be3 Bb7 19. Nf2 Bg5 20. Rd4 Qe7 21. Qd2 Bxe3
22. Qxe3 Qf6 23. Nxd3 Nxd3 24. Rxd3 Qg6 25. Rd2 Rad8 26. Rad1 Bxg2+ 0-1

[Event "Talent CUP 2019 - A"]
[Site "?"]
[Date "2019.12.13"]
[Round "3.5"]
[White "Bratajit, Mukherjee"]
[Black "Wilk, Igor"]
[Result "0-1"]
[WhiteElo "1530"]
[BlackElo "1717"]
[PlyCount "54"]
[EventDate "2019.??.??"]

1. e4 c6 2. d4 d5 3. exd5 cxd5 4. Bd3 Nc6 5. c3 Qc7 6. Nf3 Nf6 7. O-O Bg4 8.
Nbd2 e6 9. Re1 Bd6 10. h3 Bh5 11. Qc2 O-O 12. g4 Bg6 13. Bxg6 hxg6 14. a3 e5
15. dxe5 Bxe5 16. Kg2 Rfe8 17. Qd3 Rad8 18. Nb3 Ne4 19. Be3 f5 20. Nbd4 fxg4
21. hxg4 Qd7 22. Nxc6 Qxg4+ 23. Kf1 Qxf3 24. Qxe4 dxe4 25. Nxd8 Rxd8 26. Bxa7
Kf7 27. a4 Rh8 0-1

[Event "Talent CUP 2019 - A"]
[Site "?"]
[Date "2019.12.14"]
[Round "4.1"]
[White "Jozefczyk, Szymon"]
[Black "Paseka, Matyas"]
[Result "0-1"]
[WhiteElo "1648"]
[BlackElo "1840"]
[PlyCount "86"]
[EventDate "2019.??.??"]

1. Nf3 Nf6 2. g3 e6 3. Bg2 d5 4. c4 c5 5. b3 Nc6 6. O-O d4 7. d3 e5 8. Nbd2 Be7
9. Bb2 O-O 10. a3 a5 11. Qc2 Bg4 12. e3 Qc7 13. exd4 cxd4 14. h3 Bh5 15. Nh4
Nd7 16. Nf5 Nc5 17. Ne4 Bg6 18. g4 Ne6 19. Bc1 Bxf5 20. gxf5 Nf4 21. Bxf4 exf4
22. Nd2 g6 23. Bd5 Kg7 24. Nf3 Bf6 25. Rae1 Ne7 26. Rxe7 Qxe7 27. a4 Qd7 28.
Be4 Rac8 29. Qd2 Qc7 30. Kh2 b6 31. Rg1 Rg8 32. fxg6 fxg6 33. Rg4 Rgf8 34. Kh1
Be5 35. Ng5 Rce8 36. Bd5 Qd7 37. f3 h6 38. Ne4 h5 39. Rh4 Qe7 40. Qe1 Kh6 41.
Nf2 Bf6 42. Qxe7 Bxe7 43. Ng4+ Kg7 0-1

[Event "Talent CUP 2019 - A"]
[Site "?"]
[Date "2019.12.14"]
[Round "4.2"]
[White "Lovcican, Tomas"]
[Black "Buchta, Bartolomej"]
[Result "1-0"]
[WhiteElo "1755"]
[BlackElo "1580"]
[PlyCount "85"]
[EventDate "2019.??.??"]

1. d4 Nf6 2. Nf3 e6 3. g3 c5 4. Bg2 Nc6 5. Nc3 d5 6. O-O Be7 7. b3 O-O 8. Bb2
b6 9. Re1 Bb7 10. a3 Rc8 11. Qd3 cxd4 12. Nxd4 Nxd4 13. Qxd4 Qc7 14. Qd3 Ne4
15. Bxe4 dxe4 16. Qe3 Rfd8 17. Rac1 Bc5 18. Qg5 h6 19. Qg4 f5 20. Qg6 Qe7 21.
e3 Bc6 22. Qh5 Be8 23. Qe2 Bxa3 24. Bxa3 Qxa3 25. Nb5 Qa5 26. Nd4 g6 27. Ra1
Qb4 28. Rxa7 Bd7 29. Rea1 e5 30. Qa6 exd4 31. Rxd7 dxe3 32. Qb7 exf2+ 33. Kg2
f1=Q+ 34. Rxf1 Rxc2+ 35. Kh3 Rxd7 36. Qxd7 Qf8 37. Qe6+ Qf7 38. Qxb6 Rc7 39.
Ra1 Rb7 40. Ra8+ Kh7 41. Qd4 Qg7 42. Qd5 Qd7 43. Qg8# 1-0

[Event "Talent CUP 2019 - A"]
[Site "?"]
[Date "2019.12.14"]
[Round "4.3"]
[White "Wilk, Igor"]
[Black "Krupinski, Mikolaj"]
[Result "1/2-1/2"]
[WhiteElo "1717"]
[BlackElo "1569"]
[PlyCount "98"]
[EventDate "2019.??.??"]

1. e4 c5 2. Nf3 Nc6 3. d4 cxd4 4. Nxd4 Nf6 5. Nc3 d6 6. Be2 e5 7. Nxc6 bxc6 8.
Qd3 Be6 9. Qg3 Qb6 10. O-O g6 11. Kh1 Nd7 12. Rb1 Bg7 13. f4 f5 14. Bd3 O-O 15.
fxe5 Bxe5 16. Bf4 fxe4 17. Bxe4 Bxf4 18. Rxf4 Ne5 19. Na4 Qa6 20. Bd3 Nxd3 21.
Qxd3 Qxd3 22. Rxf8+ Rxf8 23. cxd3 Bxa2 24. Ra1 Bb3 25. Kg1 Bc2 26. d4 Bd3 27.
Nc3 a6 28. Rd1 Bc4 29. d5 c5 30. Ne4 Rf5 31. Nxd6 Rxd5 32. Rc1 Rxd6 33. Rxc4
Rd1+ 34. Kf2 Rd2+ 35. Kf3 Rxb2 36. Rxc5 Rb7 37. Ra5 Ra7 38. g4 Kf7 39. Kf4 Kf6
40. h4 h6 41. g5+ hxg5+ 42. Rxg5 a5 43. h5 gxh5 44. Rxh5 Kg6 45. Rh3 a4 46. Ra3
Ra5 47. Ke4 Kf6 48. Kd4 Rf5 49. Kc4 Rf4+ 1/2-1/2

[Event "Talent CUP 2019 - A"]
[Site "?"]
[Date "2019.12.14"]
[Round "4.4"]
[White "Juhanak, Daniel"]
[Black "Vecera, Dominik"]
[Result "1/2-1/2"]
[WhiteElo "1561"]
[BlackElo "1701"]
[PlyCount "107"]
[EventDate "2019.??.??"]

1. d4 d5 2. Nf3 Nf6 3. c4 e6 4. g3 Nbd7 5. Bg2 c6 6. O-O Be7 7. Nbd2 O-O 8. Qc2
Re8 9. e4 dxe4 10. Nxe4 Nxe4 11. Qxe4 Nf6 12. Qc2 c5 13. Rd1 Qb6 14. h3 Bd7 15.
Be3 Bc6 16. a3 a5 17. b3 Red8 18. Qb2 Rac8 19. Rac1 h6 20. Kh2 Ra8 21. dxc5
Bxc5 22. Bxc5 Qxc5 23. b4 axb4 24. axb4 Qh5 25. Qe2 g5 26. Nd4 Qxe2 27. Nxe2
Rxd1 28. Rxd1 Ra2 29. Bxc6 bxc6 30. Nd4 Ne4 31. Re1 Nxf2 32. Re2 Rxe2 33. Nxe2
Nd3 34. b5 cxb5 35. cxb5 Nc5 36. Nc3 f5 37. Kg2 Kf7 38. Kf3 Kf6 39. Ke3 Ke5 40.
b6 Kd6 41. Kd4 Kc6 42. Ke5 Kxb6 43. Ne2 Kc7 44. h4 Kd7 45. hxg5 hxg5 46. Kf6
Ne4+ 47. Ke5 Ke7 48. g4 Nd6 49. gxf5 exf5 50. Nd4 f4 51. Nf3 Nf7+ 52. Kf5 Kd6
53. Nxg5 Nxg5 54. Kxf4 1/2-1/2

[Event "Talent CUP 2019 - A"]
[Site "?"]
[Date "2019.12.14"]
[Round "4.5"]
[White "Elias, David"]
[Black "Seidl, Jan"]
[Result "1/2-1/2"]
[WhiteElo "1912"]
[BlackElo "1539"]
[PlyCount "96"]
[EventDate "2019.??.??"]

1. d4 Nf6 2. c4 c5 3. d5 b5 4. cxb5 a6 5. bxa6 Bxa6 6. Nc3 g6 7. g3 d6 8. Bg2
Bg7 9. Nf3 Nbd7 10. O-O O-O 11. Qc2 Qb6 12. Rd1 Rfb8 13. e4 Ne8 14. Bh3 Ne5 15.
Nxe5 Bxe5 16. Rb1 Nc7 17. b3 Nb5 18. Nxb5 Bxb5 19. Bg5 Ra3 20. Bc1 Raa8 21. a4
Bxa4 22. Rd3 c4 23. Qxc4 Bb5 24. Qc2 Rc8 25. Bxc8 Bxd3 26. Qxd3 Rxc8 27. Bb2
Bxb2 28. Rxb2 Qb4 29. Rc2 Rb8 30. Rc7 Kf8 31. Qc3 Qxc3 32. Rxc3 Rb4 33. f3 f5
34. exf5 gxf5 35. Rd3 Kf7 36. f4 e6 37. dxe6+ Kxe6 38. Kf2 h5 39. Kf3 d5 40. h3
d4 41. g4 hxg4+ 42. hxg4 fxg4+ 43. Ke4 g3 44. Rxg3 d3+ 45. Ke3 Rxb3 46. Kd2 Kf5
47. Rxd3 Rxd3+ 48. Kxd3 Kxf4 1/2-1/2

[Event "Talent CUP 2019 - A"]
[Site "?"]
[Date "2019.12.14"]
[Round "5.1"]
[White "Paseka, Matyas"]
[Black "Lovcican, Tomas"]
[Result "1/2-1/2"]
[WhiteElo "1840"]
[BlackElo "1755"]
[PlyCount "62"]
[EventDate "2019.??.??"]

1. e4 d6 2. d4 Nf6 3. Nc3 g6 4. f4 Bg7 5. Nf3 Nbd7 6. e5 Ng8 7. Bc4 e6 8. O-O
d5 9. Bd3 a6 10. Ne2 b5 11. c3 c5 12. Qe1 c4 13. Bc2 h5 14. Nh4 Ne7 15. Qg3 Nf8
16. Bd2 Bd7 17. Kh1 a5 18. Rae1 Qb6 19. a3 O-O-O 20. b3 Bh6 21. Rb1 Qa6 22. a4
cxb3 23. Rxb3 bxa4 24. Bd3 Qa7 25. Rb2 Bc6 26. Bb5 Nd7 27. Bxc6 Nxc6 28. Ra1
Nb6 29. Qd3 Nc4 30. Rba2 Rd7 31. Bc1 Nb6 1/2-1/2

[Event "Talent CUP 2019 - A"]
[Site "?"]
[Date "2019.12.14"]
[Round "5.2"]
[White "Vecera, Dominik"]
[Black "Wilk, Igor"]
[Result "1/2-1/2"]
[WhiteElo "1701"]
[BlackElo "1717"]
[PlyCount "83"]
[EventDate "2019.??.??"]

1. e4 c6 2. d4 d5 3. Nc3 dxe4 4. Nxe4 Bf5 5. Ng3 Bg6 6. h4 h6 7. Nf3 Nd7 8. h5
Bh7 9. Bd3 Bxd3 10. Qxd3 e6 11. Bd2 Ngf6 12. c4 c5 13. d5 exd5 14. Nf5 Qb6 15.
cxd5 O-O-O 16. Ne3 Bd6 17. b4 cxb4 18. Nc4 Qa6 19. Nxd6+ Qxd6 20. Rh4 Rhe8+ 21.
Kf1 Qa6 22. Qxa6 bxa6 23. Rc1+ Kb7 24. Rxb4+ Nb6 25. d6 Rxd6 26. Bf4 Rc6 27.
Rxc6 Kxc6 28. Ne5+ Kc5 29. Rb1 Nxh5 30. Be3+ Kd6 31. Bxb6 axb6 32. Nxf7+ Ke6
33. Nxh6 gxh6 34. Rxb6+ Kf5 35. Rxa6 Nf6 36. a4 h5 37. f3 Nd7 38. Kf2 Nc5 39.
Ra7 Re6 40. Rh7 Kg6 41. Ra7 Kf5 42. Rh7 1/2-1/2

[Event "Talent CUP 2019 - A"]
[Site "?"]
[Date "2019.12.14"]
[Round "5.3"]
[White "Krupinski, Mikolaj"]
[Black "Juhanak, Daniel"]
[Result "1/2-1/2"]
[WhiteElo "1569"]
[BlackElo "1561"]
[PlyCount "149"]
[EventDate "2019.??.??"]

1. e4 e6 2. d4 d5 3. Nd2 c5 4. exd5 Qxd5 5. Ngf3 cxd4 6. Bc4 Qc5 7. O-O Nc6 8.
Qe2 Be7 9. Nb3 Qb6 10. Bf4 Bf6 11. Bd6 Nge7 12. Bc5 Qc7 13. Nbxd4 Bd7 14. Nb5
Qa5 15. Nd6+ Kf8 16. Ba3 Qb6 17. Rfd1 Rd8 18. Ne4 Nd4 19. Nxd4 Bxd4 20. c3 Bf6
21. Nxf6 gxf6 22. Rd6 Qc7 23. Rad1 a6 24. Qd3 Ke8 25. Qd4 Rg8 26. Qxf6 Qxc4 27.
Qxe7+ Kxe7 28. R6d4+ Kf6 29. Rxc4 Bc6 30. Rxd8 Rxd8 31. Rd4 Rxd4 32. cxd4 Bd5
33. b3 b5 34. Bd6 Kf5 35. f3 Kf6 36. Kf2 Kf5 37. Ke3 a5 38. g4+ Kg5 39. Be7+
Kg6 40. Kf4 a4 41. bxa4 bxa4 42. a3 Bc6 43. h4 Bd5 44. h5+ Kg7 45. Bd6 f6 46.
Kg3 Kf7 47. f4 Be4 48. Kf2 Bc2 49. Kg3 Be4 50. Kh4 Bd5 51. f5 exf5 52. gxf5 Bf3
53. h6 Be4 54. Kg4 Bd3 55. Bb4 Be4 56. Kf4 Bd5 57. Ke3 Ke8 58. Bc5 Kd7 59. Kd3
Bc6 60. Kc4 Be4 61. Kb5 Bc2 62. Bb4 Bb3 63. Bf8 Bc2 64. Bg7 Ke7 65. Bh8 Bb3 66.
Kc6 Bc2 67. Kc7 Bxf5 68. d5 Bd7 69. Bxf6+ Ke8 70. Bg5 Bb5 71. Kd6 Bd7 72. Be3
Bf5 73. Ke5 Bh3 74. Bg5 Kd7 75. Be3 1/2-1/2

[Event "Talent CUP 2019 - A"]
[Site "?"]
[Date "2019.12.14"]
[Round "5.4"]
[White "Durovka, Marek"]
[Black "Elias, David"]
[Result "0-1"]
[WhiteElo "1536"]
[BlackElo "1912"]
[PlyCount "96"]
[EventDate "2019.??.??"]

1. d4 Nf6 2. Nf3 g6 3. g3 Bg7 4. Bg2 O-O 5. O-O d5 6. c3 c6 7. Nbd2 Nbd7 8. Re1
Re8 9. e4 dxe4 10. Nxe4 Nxe4 11. Rxe4 Nf6 12. Re1 Bg4 13. h3 Bf5 14. Nh4 Be6
15. Bf4 Nd5 16. Be5 f6 17. Bf4 Qd7 18. Bxd5 cxd5 19. g4 g5 20. Bg3 gxh4 21.
Bxh4 Bf7 22. f4 Rac8 23. Qd3 Rc6 24. f5 h6 25. Re3 Rb6 26. Qd2 Kh7 27. Rae1 Bf8
28. Qe2 Rc8 29. Qc2 Kg8 30. Bg3 Ra6 31. a3 b5 32. h4 e6 33. fxe6 Rxe6 34. Rxe6
Bxe6 35. Qg6+ Bg7 36. Bf4 Bf7 37. Qf5 Qxf5 38. gxf5 Re8 39. Be3 Bh5 40. Kf2 Bg4
41. Rg1 h5 42. Ra1 Bxf5 43. a4 a6 44. axb5 axb5 45. Ra5 Bd3 46. Ra7 Re4 47.
Ra8+ Kh7 48. Rd8 Bc4 0-1

[Event "Talent CUP 2019 - A"]
[Site "?"]
[Date "2019.12.14"]
[Round "5.5"]
[White "Seidl, Jan"]
[Black "Obrochta, Lena"]
[Result "1-0"]
[WhiteElo "1539"]
[BlackElo "1786"]
[PlyCount "89"]
[EventDate "2019.??.??"]

1. d4 d5 2. c4 e6 3. Nc3 Be7 4. Bf4 c6 5. Nf3 Nf6 6. e3 Nbd7 7. cxd5 exd5 8.
Bd3 O-O 9. O-O Nh5 10. Bg3 Nxg3 11. hxg3 Bd6 12. e4 dxe4 13. Nxe4 Be7 14. Qc2
h6 15. Rad1 Nb6 16. Rfe1 Nd5 17. a3 Bg4 18. Rd2 f5 19. Nc5 Bxc5 20. dxc5 Bxf3
21. gxf3 f4 22. Be4 Qg5 23. Bxd5+ cxd5 24. Kg2 Kh8 25. Red1 fxg3 26. fxg3 Qh5
27. Qb3 Rae8 28. Rf1 Rf5 29. Qxb7 Qg5 30. Rdf2 Qe3 31. c6 Rff8 32. c7 Qc5 33.
b4 Qd6 34. Rc1 Rc8 35. Qxa7 Rf7 36. Rfc2 Qf6 37. Qe3 Re7 38. Qf4 Qe6 39. Qg4
Qxg4 40. fxg4 d4 41. b5 d3 42. Rd2 Rexc7 43. Rxc7 Rxc7 44. Rxd3 Kg8 45. a4 1-0

[Event "Talent CUP 2019 - A"]
[Site "?"]
[Date "2019.12.14"]
[Round "6.1"]
[White "Elias, David"]
[Black "Paseka, Matyas"]
[Result "0-1"]
[WhiteElo "1912"]
[BlackElo "1840"]
[PlyCount "72"]
[EventDate "2019.??.??"]

1. e4 c5 2. Nc3 e6 3. Nf3 Nc6 4. d4 cxd4 5. Nxd4 Nf6 6. a3 d6 7. Be2 Be7 8. O-O
O-O 9. Be3 a6 10. Qd2 Qc7 11. Rad1 Ne5 12. f3 Rd8 13. Nb3 b5 14. f4 Nc4 15.
Bxc4 bxc4 16. Nc1 Bb7 17. f5 Nxe4 18. Nxe4 Bxe4 19. Qf2 Rf8 20. fxe6 fxe6 21.
Qd2 Rab8 22. b3 cxb3 23. cxb3 d5 24. b4 Rbc8 25. Rxf8+ Bxf8 26. a4 Qd7 27. Qf2
Rc2 28. Ne2 Qxa4 29. Rf1 Qe8 30. Bc5 Bxc5 31. bxc5 Bd3 32. Re1 Qc8 33. Qe3 Bxe2
34. Rxe2 Rxe2 35. Qxe2 Qxc5+ 36. Kf1 Qb5 0-1